000 00717nam a2200181Ia 4500
008 100921s9999 xx 000 0 und d
082 _b31428
_a170-6 थ 98
100 _aपुंडलिक रमेश.
245 _aचिंतामुक्त व्हा.
260 _bचंद्रमौळी प्रकाशन, पुणे.
_c1998
300 _a32
_bमयुरेष बुक एजन्सी,कराड
365 _b10
520 _aनीतिशास्त्र-जीवन.
630 _aचिंतामुक्त व्हा.
650 _aनीतिशास्त्र-जीवन.
730 _aचिंतामुक्त व्हा.
942 _cBOOK
999 _c780541
_d780538